00639nam a2200181 i 450000100060000000300090000600700030001500800410001810000350005924500800009426000340017430000220020849000320023083000400026285200200030299900170032295201180033934396ES-MaACLt|030207s1923 sp ||||1| spa d1 aBlanco Suárez, Pedro.92929610aHistoria de la educación y de la pegadogia / cpor Pedro Blanco Suárez. aMadrid : bJ. Cosano, c1923. a278 p. ; c22 cm.1 aMuseo pedagógico nacional0 aMuseo pedagógico nacional9229491 aES-MaACLjB-949 c34396d34396 00104070aATENEOMbATENEOMcSPBd2008-01-17eSCl0oB-949p1035875r2023-02-23 00:00:00w2023-02-23yMONOGRAFIA